000 00977cam a22003137i 4500
942 _cBK
999 _c695
_d695
001 19392744
003 OSt
005 20250420134821.0
008 161201t20172017nyua b 001 0 eng
010 _a 2016961453
016 7 _a014691461
_2Uk
020 _a9781259643835
035 _a(OCoLC)on1001514134
040 _aAU@
_beng
_cAU@
_erda
_dKCST
050 0 0 _aTJ213
_b.G56 2017
082 0 4 _a629.8
_223
_bGo Au
100 1 _aGolnaraghi, M. F.,
_eauthor.
_95356
245 1 0 _aAutomatic control systems /
_cFarid Golnaraghi, Benjamin C. Kuo.
250 _a10
260 1 _aNew York
_bMcGraw-Hill Education,
_c[2017]
300 _axvii, 846 pages :
_billustrations (some color) ;
_c27 cm
504 _aIncludes bibliographical references and index.
650 0 _aAutomatic control.
_9979
650 0 _aControl theory.
_9980
650 0 _2Control theory.
_vProblems and exercises.
_95432
700 1 _aKuo, Benjamin C.,
_d1930-
_eauthor.
_95357
942 _2ddc